000 01780nam a22003137a 4500
999 _c3683
_d3683
003 OSt
005 20240612115127.0
008 240612b ||||| |||| 00| 0 eng d
020 _a9781009311281
040 _cKH8
082 _a570 MAR
100 _aMartindill, David,
_eauthor.
245 _aCombined and Co-ordinated Sciences for Cambridge IGCSE :
_bCoursebook /
_cDavid Martindill, Joanna Haywood and Sheila Tarpey.
260 _aUnited Kingdom ;
_bCambridge University Press,
_c2023.
300 _axiv, 778 pages :
_bcolor illustrations ;
_c8.43 x 1.34 x 10.79 inches.
500 _aInclude index
520 _aNew editions support Cambridge IGCSE Combined Science and IGCSE Co-ordinated Sciences for examination from 2025. This print and digital coursebook has been developed from extensive research through lesson observations, interviews, and work with the Cambridge Panel, our online research community. This accessible resource is written in clear English with features to support English as a second language learners. Activities develop students' essential science skills, while practice questions and self-assessment and reflection opportunities build student confidence. Projects provide opportunities for assessment for learning and cross-curricular learning as well as developing skills for life. Answers are available to teachers via Cambridge GO.
650 _aScience coursebook
700 _aHaywood, Joanna,
_eauthor.
700 _aTarpey, Sheila,
_eauthor.
700 _aJones, Mary,
_eauthor.
700 _aJones, Geoff,
_eauthor.
700 _aHarwood, Richard,
_eauthor.
700 _aLodge, Ian,
_eauthor.
700 _aMilington, Chris,
_eauthor.
700 _aSang, David,
_eauthor.
700 _aFollows, Mike,
_eauthor.
942 _2ddc
_cTR